XXX Aniversario de la Liberación de Barcelona
Publicado:
San Jorge, núm. 73 (1r trimestre 1969), pàg 68 - 69 :
MARC
| LEADER | 00000nam a2200000Ia 4500 | ||
|---|---|---|---|
| 001 | |||
| 008 | 160829s9999 xx 000 0 cat d | ||
| 245 | |a XXX Aniversario de la Liberación de Barcelona | ||
| 260 | |a San Jorge, núm. 73 (1r trimestre 1969), pàg 68 - 69 | ||
| 650 | |a Muller i d'Abadal, Josep M. | ||
| 651 | 0 | |a Barcelona (Catalunya) |x Història |y 1936-1939, Guerra Civil |9 55762 | |
| 901 | |a Arxiu | ||
| 942 | |n 1 | ||
| 952 | |0 0 |1 0 |4 0 |7 1 |9 49561 |a Arxiu |b Arxiu |d 2016-12-01 |l 0 |r 2016-12-01 00:00:00 |w 2016-12-01 |y ARXIU | ||
| 999 | |c 53403 |d 53403 | ||